MARC details
| 000 -LEADER |
| fixed length control field |
01549nam a2200541 a 4500 |
| 001 - CONTROL NUMBER |
| control field |
22956 |
| 003 - CONTROL NUMBER IDENTIFIER |
| control field |
SK-KTurca |
| 005 - DATE AND TIME OF LATEST TRANSACTION |
| control field |
20260513075058.0 |
| 008 - FIXED-LENGTH DATA ELEMENTS--GENERAL INFORMATION |
| fixed length control field |
251113s2003RRRRxo a g e 0010yyslo |
| 015 ## - NATIONAL BIBLIOGRAPHY NUMBER |
| National bibliography number |
SNBA2003/10-03865 |
| 020 ## - INTERNATIONAL STANDARD BOOK NUMBER |
| International Standard Book Number |
8071185531 |
| 035 ## - SYSTEM CONTROL NUMBER |
| System control number |
SNK000408967 |
| 040 ## - CATALOGING SOURCE |
| Original cataloging agency |
SNK |
| Language of cataloging |
slo |
| Transcribing agency |
SNK |
| Description conventions |
AACR2 |
| 041 0# - LANGUAGE CODE |
| Language code of text/sound track or separate title |
slo |
| 043 ## - GEOGRAPHIC AREA CODE |
| Geographic area code |
e------ |
| 044 ## - COUNTRY OF PUBLISHING/PRODUCING ENTITY CODE |
| MARC country code |
xo |
| ISO country code |
SK |
| 072 #7 - SUBJECT CATEGORY CODE |
| Subject category code |
58 |
| 080 ## - UNIVERSAL DECIMAL CLASSIFICATION NUMBER |
| Universal Decimal Classification number |
582(084.12) |
| Edition identifier |
2. slo |
| 080 ## - UNIVERSAL DECIMAL CLASSIFICATION NUMBER |
| Universal Decimal Classification number |
582.091 |
| 080 ## - UNIVERSAL DECIMAL CLASSIFICATION NUMBER |
| Universal Decimal Classification number |
(4) |
| 080 ## - UNIVERSAL DECIMAL CLASSIFICATION NUMBER |
| Universal Decimal Classification number |
582.091/.097 |
| 080 ## - UNIVERSAL DECIMAL CLASSIFICATION NUMBER |
| Universal Decimal Classification number |
(035) |
| 080 ## - UNIVERSAL DECIMAL CLASSIFICATION NUMBER |
| Universal Decimal Classification number |
(084.42) |
| 100 1# - MAIN ENTRY--PERSONAL NAME |
| Personal name |
Kremer, Bruno P., |
| Dates associated with a name |
1946- |
| Relationship |
aut |
| 240 10 - UNIFORM TITLE |
| Uniform title |
Mosaik |
| Language of a work |
Slovensky |
| 245 10 - TITLE STATEMENT |
| Title |
Stromy |
| Statement of responsibility, etc. |
Bruno P. Kremer ; kresby Hans Held ; [z nemeckého originálu preložila Alica Hindáková] |
| 250 ## - EDITION STATEMENT |
| Edition statement |
2. vyd. |
| 260 ## - PUBLICATION, DISTRIBUTION, ETC. |
| Place of publication, distribution, etc. |
Bratislava |
| Name of publisher, distributor, etc. |
Ikar |
| Date of publication, distribution, etc. |
2003 |
| 300 ## - PHYSICAL DESCRIPTION |
| Extent |
287 s. |
| Other physical details |
fareb. fotogr. |
| Dimensions |
20 cm |
| 490 1# - SERIES STATEMENT |
| Series statement |
Sprievodca prírodou |
| 500 ## - GENERAL NOTE |
| General note |
Fotogr. na tit. strane |
| 500 ## - GENERAL NOTE |
| General note |
Údaj o prekl. prevzatý z rubu tit. strany |
| 504 ## - BIBLIOGRAPHY, ETC. NOTE |
| Bibliography, etc. note |
Bibliogr. s. 285. Terminologický slovník. Reg. slov. a lat. náz. |
| 650 07 - SUBJECT ADDED ENTRY--TOPICAL TERM |
| Topical term or geographic name entry element |
stromy |
| General subdivision |
atlasy |
| Source of heading or term |
SNK |
| 650 07 - SUBJECT ADDED ENTRY--TOPICAL TERM |
| Topical term or geographic name entry element |
atlasy |
| General subdivision |
stromy |
| Source of heading or term |
SNK |
| 650 07 - SUBJECT ADDED ENTRY--TOPICAL TERM |
| Topical term or geographic name entry element |
stromy |
| Geographic subdivision |
Európa |
| Source of heading or term |
SNK |
| 650 07 - SUBJECT ADDED ENTRY--TOPICAL TERM |
| Topical term or geographic name entry element |
dreviny |
| Source of heading or term |
SNK |
| 650 07 - SUBJECT ADDED ENTRY--TOPICAL TERM |
| Topical term or geographic name entry element |
botanika |
| 655 #7 - INDEX TERM--GENRE/FORM |
| Genre/form data or focus term |
príručky |
| Source of term |
SNK |
| 655 #7 - INDEX TERM--GENRE/FORM |
| Genre/form data or focus term |
príručky |
| 655 #7 - INDEX TERM--GENRE/FORM |
| Genre/form data or focus term |
atlasy |
| 700 1# - ADDED ENTRY--PERSONAL NAME |
| Personal name |
Held, Hans |
| Dates associated with a name |
1914- |
| Relationship |
ill |
| 700 1# - ADDED ENTRY--PERSONAL NAME |
| Personal name |
Hindáková, Alica, |
| Dates associated with a name |
1968- |
| Relationship |
trl |
| 730 ## - ADDED ENTRY--UNIFORM TITLE |
| Title of a work |
Mosaik |
| 830 #0 - SERIES ADDED ENTRY--UNIFORM TITLE |
| Uniform title |
Sprievodca prírodou |
| 942 ## - ADDED ENTRY ELEMENTS (KOHA) |
| Source of classification or shelving scheme |
Dewey Decimal Classification |
| Koha item type |
Odborná literatúra pre dospelých |
| Suppress in OPAC |
No |